Southville International School and Colleges
Your cart is empty.
  • Cart
  • Lists
    Public lists Eva Luna New books Lux_list list_1
    Your lists Log in to create your own lists
  • Log in to your account
  • Your cookies
  • Search history
Southville International School and Colleges
  • Advanced search
  • Recent comments
  • Most popular
  • Libraries

Log in to your account

Log in with GOOGLE


If you do not have an external account, but do have a local account, you can still log in:

  1. Home
  2. MARC view: The prince /
Normal view MARC view ISBD view

The prince / (Record no. 283922)

[ view plain ]
MARC details
000 -LEADER
fixed length control field 00651nam a22002057a 4500
003 - CONTROL NUMBER IDENTIFIER
control field OSt
005 - DATE AND TIME OF LATEST TRANSACTION
control field 20150511091426.0
008 - FIXED-LENGTH DATA ELEMENTS--GENERAL INFORMATION
fixed length control field 130807t xxu||||| |||| 00| 0 eng d
020 ## - INTERNATIONAL STANDARD BOOK NUMBER
International Standard Book Number 9780743487689
050 ## - LIBRARY OF CONGRESS CALL NUMBER
Classification number JC 143
Item number .M149 2004
100 ## - MAIN ENTRY--PERSONAL NAME
Personal name Machiavelli, Niccolo.
9 (RLIN) 2881
245 ## - TITLE STATEMENT
Title The prince /
Statement of responsibility, etc Niccolo Machiavelli; supplementary material written by Benjamin Beard; series edited by Cynthia Brantley Johnson.
260 ## - PUBLICATION, DISTRIBUTION, ETC. (IMPRINT)
Place of publication, distribution, etc New York :
Name of publisher, distributor, etc Simon & Schuster Inc.,
Date of publication, distribution, etc 2004
300 ## - PHYSICAL DESCRIPTION
Extent 160 pages ;
Dimensions 18 cm.
650 ## - SUBJECT ADDED ENTRY--TOPICAL TERM
Topical term or geographic name as entry element Fiction.
700 ## - ADDED ENTRY--PERSONAL NAME
Personal name Beard, Benjamin.
700 ## - ADDED ENTRY--PERSONAL NAME
Personal name Johnson, Cynthia Brantley.
942 ## - ADDED ENTRY ELEMENTS (KOHA)
Source of classification or shelving scheme Library of Congress Classification
Koha item type Books
Holdings
Withdrawn status Lost status Source of classification or shelving scheme Damaged status Home library Current library Shelving location Date acquired Source of acquisition Sub Shelving location Total Checkouts Full call number Barcode Date last seen Price effective from Koha item type
    Library of Congress Classification   College Library College Library Fiction Section 05/11/2015 Library Fund     JC 143 .M149 2004 C19259 03/01/2018 05/11/2015 Books

The prince /

APA

Machiavelli N., Beard B. & Johnson C. B. (2004). The prince. New York: Simon & Schuster Inc.

Chicago

Machiavelli Niccolo, Beard Benjamin and Johnson Cynthia Brantley. 2004. The prince. New York: Simon & Schuster Inc.

Harvard

Machiavelli N., Beard B. and Johnson C. B. (2004). The prince. New York: Simon & Schuster Inc.

MLA

Machiavelli Niccolo, Beard Benjamin and Johnson Cynthia Brantley. The prince. New York: Simon & Schuster Inc. 2004.

  • Place hold
  • Print
  • Cite
  • Add to your cart (remove)
  • Save record
    BIBTEX Dublin Core MARCXML MARC (non-Unicode/MARC-8) MARC (Unicode/UTF-8) MARC (Unicode/UTF-8, Standard) MODS (XML) RIS
  • More searches
    Search for this title in:
    Other Libraries (WorldCat) Other Databases (Google Scholar) Online Stores (Bookfinder.com) Open Library (openlibrary.org)

Exporting to Dublin Core...

SOUTHVILLE LIBRARY

Southville International School and Colleges Library

1281 Tropical Ave. Cor. Luxembourg St., BF Homes International, Las Pinas City

Tel. No. 8256374 / 252358 Loc. 117/146

Powered by Koha